=LDR 00000nam 2200000 4500 =001 NUTBA000000000004875 =005 20141013113544.0 =006 =007 =008 =020 ##$$a 978-979-29-0983-8 =035 ##$$a 0010-101400000000105 =040 ##$$a NBPDMAT =082 ##$$a 650.1 =090 ##$$a 650.1 $b Suy s =100 ##$$a Suyanto =245 ##$$a Smart in Entrepreneu small powerful / $c M. Suyanto =260 ##$$a Yogyakarta : $b Andi, $c 2009 =300 ##$$a 140 hlm. : $b ilus. ; $c 18 cm. =650 ##$$a Bisnis